The financial behavior of Japanese corporations

This book corporate interdependence, financing. Accountants and auditors, finanacial reporting.

Na minha lista:
Detalhes bibliográficos
Autor principal: Ballon, Robert J.
Formato: Livro
Idioma:Undetermined
Publicado em: Tokyo Kodansha international 1988
Assuntos:
Tags: Adicionar Tag
Sem tags, seja o primeiro a adicionar uma tag!
Thư viện lưu trữ: Trung tâm Học liệu Trường Đại học Cần Thơ
LEADER 00740nam a2200229Ia 4500
001 CTU_228963
008 210402s9999 xx 000 0 und d
082 |a 658.15 
082 |b B193 
100 |a Ballon, Robert J. 
245 4 |a The financial behavior of Japanese corporations 
245 0 |c Robert J.Ballon, Iwao Tomita 
260 |a Tokyo 
260 |b Kodansha international 
260 |c 1988 
520 |a This book corporate interdependence, financing. Accountants and auditors, finanacial reporting. 
650 |a Tập đoàn,Corporations 
650 |x Tài chính,Finance 
650 |z Nhật Bản,Japan 
904 |i Danh Thị Mai 
910 |b dqhieu 
980 |a Trung tâm Học liệu Trường Đại học Cần Thơ